000 00407nam a2200169Ia 4500
008 230524s9999 xx 000 0 und d
020 _a9788120327870
082 _a693.54
_bVAR
100 _aP.C. Varghese
245 0 _aAdvanced Reinforced Concrete Design
250 _a2
260 _aNew Delhi
_bPHI
_c2012
300 _a"xv,534p;"
500 _aQuantity Number: 2
650 _aCivil
942 _cBK
999 _c55991
_d55991